How to break up with your phone (Record no. 590528)
[ view plain ]
| 000 -LEADER | |
|---|---|
| fixed length control field | 01271cam a2200337 i 4500 |
| 001 - CONTROL NUMBER | |
| control field | 20228738 |
| 003 - CONTROL NUMBER IDENTIFIER | |
| control field | NUST |
| 005 - DATE AND TIME OF LATEST TRANSACTION | |
| control field | 20220827160430.0 |
| 008 - FIXED-LENGTH DATA ELEMENTS--GENERAL INFORMATION | |
| fixed length control field | 171221s2018 cau 001 0 eng |
| 010 ## - LIBRARY OF CONGRESS CONTROL NUMBER | |
| LC control number | 2017058485 |
| 020 ## - INTERNATIONAL STANDARD BOOK NUMBER | |
| International Standard Book Number | 9780399581120 (trade pbk.) |
| 038 ## - RECORD CONTENT LICENSOR | |
| Staff Name | Azhar |
| 040 ## - CATALOGING SOURCE | |
| Original cataloging agency | DLC |
| Language of cataloging | eng |
| Transcribing agency | DLC |
| Description conventions | rda |
| Modifying agency | DLC |
| 042 ## - AUTHENTICATION CODE | |
| Authentication code | pcc |
| 050 00 - LIBRARY OF CONGRESS CALL NUMBER | |
| Classification number | RC569.5.I54 |
| Item number | P75 2018 |
| 082 00 - DEWEY DECIMAL CLASSIFICATION NUMBER | |
| Classification number | 616.8584 |
| Edition number | 23 |
| Author Mark | PRI |
| 100 1# - MAIN ENTRY--PERSONAL NAME | |
| Personal name | Price, Catherine, |
| Dates associated with a name | 1978- |
| Relator term | author. |
| 9 (RLIN) | 94647 |
| 245 10 - TITLE STATEMENT | |
| Title | How to break up with your phone |
| Statement of responsibility, etc. | Catherine Price. |
| 260 ## - PUBLICATION, DISTRIBUTION, ETC. | |
| Place of publication, distribution, etc. | California : |
| Name of publisher, distributor, etc. | Ten Speed Press, |
| Date of publication, distribution, etc. | [2018] |
| 300 ## - PHYSICAL DESCRIPTION | |
| Extent | viii, 184 pages ; |
| Dimensions | 18 cm |
| 336 ## - CONTENT TYPE | |
| Content type term | text |
| Content type code | txt |
| Source | rdacontent |
| 337 ## - MEDIA TYPE | |
| Media type term | unmediated |
| Media type code | n |
| Source | rdamedia |
| 338 ## - CARRIER TYPE | |
| Carrier type term | volume |
| Carrier type code | nc |
| Source | rdacarrier |
| 500 ## - GENERAL NOTE | |
| General note | Includes index. |
| 563 ## - BINDING INFORMATION | |
| Binding note | PB |
| 650 #0 - SUBJECT ADDED ENTRY--TOPICAL TERM | |
| Topical term or geographic name entry element | Internet addiction |
| Form subdivision | Popular works. |
| 9 (RLIN) | 94648 |
| 650 #0 - SUBJECT ADDED ENTRY--TOPICAL TERM | |
| Topical term or geographic name entry element | Cell phones |
| General subdivision | Psychological aspects. |
| 9 (RLIN) | 94649 |
| 906 ## - LOCAL DATA ELEMENT F, LDF (RLIN) | |
| a | 7 |
| b | cbc |
| c | orignew |
| d | 1 |
| e | ecip |
| f | 20 |
| g | y-gencatlg |
| 942 ## - ADDED ENTRY ELEMENTS (KOHA) | |
| Source of classification or shelving scheme | |
| Koha item type | Lincoln Corner |
| Withdrawn status | Lost status | Source of classification or shelving scheme | Damaged status | Not for loan | Permanent Location | Current Location | Shelving location | Date acquired | Full call number | Barcode | Date last seen | Price effective from | Koha item type |
|---|---|---|---|---|---|---|---|---|---|---|---|---|---|
| Central Library (CL) | Central Library (CL) | Lincoln Corner | 07/23/2022 | 616.8584 PRI | LC-5 | 07/23/2022 | 07/23/2022 | Reference |
